Responses for Show #7233 - Wednesday, February 10, 2016

2016 College Championship semifinal game 3.

Contestants

[<< previous game]

Kate Laubscher, a sophomore at Northeastern University from Woodside, California

Sarah Dubnik, a senior at the University of Pittsburgh from Jamison, Pennsylvania

Ziad Ali, a freshman at North Carolina State University from Oak Ridge, North Carolina

[next game >>]

Jeopardy! Round responses

LITERAL LITERARY TITLES
POTS & PANS
SCIENCE TERMS
WHICH CABINET DEPARTMENT?
ON NETFLIX
LIKE A SIMILE
    $200 11
Great Expectations

Sarah
    $200 28
a wok

Sarah
    $200 10
equinox

Kate
    $200 16
Agriculture

Ziad
    $200 2
House of Cards

Sarah
    $200 19
a fox

Sarah
    $400 12
Beloved

Ziad
    $400 24
Uncle Ben

Kate
    $400 9
the lungs

Sarah
    $400 17
Treasury Department

Triple Stumper
    $400 3
To Kill a Mockingbird

Kate
    $400 20
a log

Sarah
    $600 15
A Raisin in the Sun

Ziad
    $600 25
a saucepan

Sarah
    $600 1
half-life

Kate
    $600 18
(Ziad: What is Commerce?)

Homeland Security

ZiadSarah
    $600 4
American Horror Story

Kate
    $600 21
a dodo

Kate
    $800 13
Fahrenheit 451

Ziad
    $800 26
cast iron

Ziad
    $800 7
(Ziad: What is messenger?)

mitochondrial

ZiadSarah
    $800 29
Labor

Ziad
    $800 5
Jessica Jones

Kate
    $800 22
(watching) paint dry

Sarah
    $1000 14
Dune

Ziad
    $1000 27
a Crock-Pot

Sarah
    $2,000 8
the Prime Meridian

Sarah
    $1000 30
Energy

Ziad
    $1000 6
Gilmore Girls

Sarah
    $1000 23
[Kate offered both listed responses, and Alex indicated either would be correct.]

calm as a cucumber (or cool as a cucumber)

Kate

Scores at the first commercial break (after clue 15):

Ziad Sarah Kate
$2,000 $4,600 $2,600

Scores at the end of the Jeopardy! Round:

Ziad Sarah Kate
$4,200 $8,400 $4,600

Double Jeopardy! Round responses

INTERESTING PEOPLE
SMALL COUNTRIES
THIS IS MY FIGHT SONG
"IN" THE DICTIONARY
(Alex: Each correct response will begin with those letters, "I-N".)
SUBCULTURES
LET YOUR GREEK FLAG FLY
    $400 21
home runs

Sarah
    $400 5
the Alps

Sarah
    $400 28
Clemson

Sarah
    $400 10
inferior

Sarah
    $400 20
nudists

Kate
    $400 22
liberty

Kate
    $800 4
paleontology

Sarah
    $800 6
Andorra

Ziad
    $800 29
(Alex: University of Oklahoma.)

Sooner

Triple Stumper
    $800 11
inoculation

Ziad
    $800 19
roleplaying

Ziad
    $800 23
a weightlifter

Triple Stumper
    $1200 1
Vichy France

Ziad
    $1200 9
(Kate: What is lava rock?)

coral

Kate
Triple Stumper
    $1200 15
Brigham Young

Triple Stumper
    $1200 12
(Sarah: What is infidel?)

insurgent (insubordinate accepted)

SarahKate
    $4,000 16
the Beat movement

Ziad
    $1200 24
Sigma Nu

Triple Stumper
    $1600 2
Marco Polo

Ziad
    $1600 7
Italy

Sarah
    $1600 30
Texas A&M

Triple Stumper
    $1600 13
infamy

Sarah
    $1600 18
emo

Kate
    $1600 27
(Ziad: What is Cyprus?)

Crete

ZiadSarah
    $2000 3
the CIA

Triple Stumper
    $3,800 8
Micronesia

Sarah
    $2000 26
(Alex: Less than a minute now, Ziad.)

the University of Idaho

Triple Stumper
    $2000 14
introspective

Ziad
    $2000 17
the polar bear

Ziad
    $2000 25
a junta

Ziad

Scores at the end of the Double Jeopardy! Round:

Ziad Sarah Kate
$17,800 $18,200 $7,000

[wagering suggestions for these scores]

Final Jeopardy! Round responses

CHILDREN'S AUTHORS
(Alex: Well, enjoy the moment--)
(Sarah: Thank you.)
(Alex: --because you still have some work to do. Tomorrow, we start our finals. You start your finals against these two players. Niki Peters from U.C. Berkeley, along with Sam Deutsch from the University of Southern California. Those two-day finals are always very exciting.)
KateWho is C.S. Lewis
$7,000
ZiadWho is C.S Lewis
$401
SarahWho is C.S. Lewis?
$17,401
C.S. Lewis

Final scores:

Ziad Sarah Kate
$18,201 $35,601 $14,000
2nd place: $10,000 Finalist 3rd place: $10,000

Game dynamics:

Coryat scores:

Ziad Sarah Kate
$15,000 $15,400 $7,000
17 R
(including 1 DD),
3 W
22 R
(including 2 DDs),
1 W
12 R,
1 W

Combined Coryat: $37,400

[game clues] [game scores] [suggest correction]

Game tape date: 2016-01-06
The J! Archive is created by fans, for fans. Scraping, republication, monetization, and malicious use prohibited; this site may use cookies and collect identifying information. See terms. The Jeopardy! game show and all elements thereof, including but not limited to copyright and trademark thereto, are the property of Jeopardy Productions, Inc. and are protected under law. This website is not affiliated with, sponsored by, or operated by Jeopardy Productions, Inc. Join the discussion at JBoard.tv.